[Event "Remote S7E Pioneer-65 email"]
[Site "Remote email"]
[Date "2014.09.13"]
[Round "?"]
[White "Mantau, Jan"]
[Black "Bartels, Klaus"]
[Result "0-1"]
[WhiteElo "2013"]
[BlackElo "2107"]
[PlyCount "36"]
[EventDate "2014.??.??"]
[EventType "tourn (corr)"]
[EventRounds "6"]
[EventCountry "GER"]
[SourceTitle "Corr 2015"]
[Source "ChessBase"]
[SourceDate "2015.07.17"]
[SourceVersion "1"]
[SourceVersionDate "2015.07.17"]
[SourceQuality "1"]

1. e4 c5 2. Nf3 d6 3. d4 cxd4 4. Nxd4 Nf6 5. Nc3 a6 6. Be2 e5 7. Nb3 Be7 8. 0-0 0-0 9. a4 Be6 10. Qd3 Nc6 11. Be3 Nb4 12. Qd2 Rc8 13. f3 d5 14. exd5 Nfxd5 15. Nxd5 Nxd5 16. Bf2 Nf4 17. Rfd1 Qxd2 18. Rxd2 Bxb3 0-1

[Event "Remote S7E Starter-56 email"]
[Site "Remote email"]
[Date "2014.06.25"]
[Round "?"]
[White "Bartels, Klaus"]
[Black "Kahl, Karl Heinz"]
[Result "0-1"]
[WhiteElo "2107"]
[BlackElo "2194"]
[PlyCount "60"]
[EventDate "2014.??.??"]
[EventType "tourn (corr)"]
[EventRounds "6"]
[EventCountry "GER"]
[SourceTitle "Corr 2015"]
[Source "ChessBase"]
[SourceDate "2015.07.17"]
[SourceVersion "1"]
[SourceVersionDate "2015.07.17"]
[SourceQuality "1"]

1. d4 f5 2. Nf3 Nf6 3. g3 e6 4. Bg2 Be7 5. c4 0-0 6. 0-0 d5 7. Nc3 c6 8. cxd5 exd5 9. Bf4 Ne4 10. Qc1 Be6 11. Ne5 Nd7 12. Nd3 Bf6 13. e3 g5 14. Be5 Bxe5 15. dxe5 g4 16. h3 gxh3 17. Bxh3 Qb8 18. f4 Nxg3 19. Rf2 Kh8 20. Rg2 Rg8 21. Qe1 Ne4 22. Nxe4 Rxg2+ 23. Bxg2 fxe4 24. Nb4 Qf8 25. Nc2 Qh6 26. Rd1 Rg8 27. Rd2 Nc5 28. Qf1 Qh3 29. Rf2 Nd3 30. Re2 Rg3 0-1

[Event "Remote S7E Starter-56 email"]
[Site "Remote email"]
[Date "2014.06.25"]
[Round "?"]
[White "Mantau, Jan"]
[Black "Bartels, Klaus"]
[Result "0-1"]
[WhiteElo "2013"]
[BlackElo "2107"]
[PlyCount "54"]
[EventDate "2014.??.??"]
[EventType "tourn (corr)"]
[EventRounds "6"]
[EventCountry "GER"]
[SourceTitle "Corr 2015"]
[Source "ChessBase"]
[SourceDate "2015.07.17"]
[SourceVersion "1"]
[SourceVersionDate "2015.07.17"]
[SourceQuality "1"]

1. e4 c5 2. Nf3 d6 3. d4 cxd4 4. Nxd4 Nf6 5. Nc3 a6 6. Be2 e6 7. 0-0 Be7 8. Be3 0-0 9. f4 Nbd7 10. Qe1 b5 11. Bf3 Bb7 12. a3 Nb6 13. e5 Nfd5 14. Nxd5 Nxd5 15. Bf2 Qc7 16. g3 dxe5 17. fxe5 Rab8 18. Rd1 Nb6 19. Bxb7 Rxb7 20. Qe4 Nc4 21. Nc6 Nxb2 22. Nxe7+ Qxe7 23. Rd6 Nc4 24. Bc5 Rc8 25. Rc6 Qd7 26. Rxc8+ Qxc8 27. Bd6 Nd2 0-1

[Event "Remote S7E Pioneer-63 email"]
[Site "Remote email"]
[Date "2014.06.04"]
[Round "?"]
[White "Kahl, Karl Heinz"]
[Black "Bartels, Klaus"]
[Result "1/2-1/2"]
[WhiteElo "2194"]
[BlackElo "2107"]
[PlyCount "55"]
[EventDate "2014.??.??"]
[EventType "tourn (corr)"]
[EventRounds "6"]
[EventCountry "GER"]
[SourceTitle "Corr 2015"]
[Source "ChessBase"]
[SourceDate "2015.07.17"]
[SourceVersion "1"]
[SourceVersionDate "2015.07.17"]
[SourceQuality "1"]

1. c4 e5 2. Nc3 Nf6 3. Nf3 Nc6 4. g3 d6 5. Bg2 Be7 6. d4 exd4 7. Nxd4 Nxd4 8. Qxd4 0-0 9. 0-0 Re8 10. b3 c6 11. Bb2 Qa5 12. Ne4 Qe5 13. Qxe5 dxe5 14. Nxf6+ gxf6 15. Rfd1 Bf5 16. Rac1 Rad8 17. Kf1 Bb4 18. e4 Bg6 19. g4 h5 20. f3 Bd2 21. Rb1 Be3 22. Ke2 Bf4 23. h3 b6 24. h4 Bg3 25. Rxd8 Rxd8 26. Rh1 Bf4 27. Bc1 Bxc1 28. Rxc1 1/2-1/2

[Event "Remote S7E Starter-55 email"]
[Site "Remote email"]
[Date "2014.05.06"]
[Round "?"]
[White "Bartels, Klaus"]
[Black "Hahner, Anton"]
[Result "0-1"]
[WhiteElo "2078"]
[BlackElo "2123"]
[PlyCount "86"]
[EventDate "2014.??.??"]
[EventType "tourn (corr)"]
[EventRounds "6"]
[EventCountry "GER"]
[SourceTitle "Corr 2015"]
[Source "ChessBase"]
[SourceDate "2015.07.17"]
[SourceVersion "1"]
[SourceVersionDate "2015.07.17"]
[SourceQuality "1"]

1. d4 Nf6 2. c4 e6 3. Nc3 Bb4 4. Qc2 0-0 5. Nf3 d5 6. e3 b6 7. cxd5 exd5 8. Be2 Ba6 9. Bxa6 Nxa6 10. 0-0 Re8 11. a3 Bxc3 12. bxc3 c5 13. Ne5 Nb8 14. Bb2 c4 15. a4 Nbd7 16. Nf3 Ne4 17. Ba3 Re6 18. Nd2 Nxd2 19. Qxd2 Qc7 20. Bb4 a5 21. Ba3 Rae8 22. Rfe1 Nf6 23. f3 Nh5 24. Qf2 f5 25. Bc1 Nf4 26. Qg3 Qb8 27. Bd2 Nd3 28. Qxb8 Rxb8 29. Reb1 h5 30. Rb5 f4 31. Rxd5 fxe3 32. Be1 g6 33. Rd7 b5 34. d5 Reb6 35. Bg3 R8b7 36. Rxb7 Rxb7 37. Kf1 b4 38. cxb4 axb4 39. Ke2 b3 40. Kxe3 Nb4 41. Kd2 Na2 42. Be5 Rd7 43. d6 c3+ 0-1

[Event "Remote S7E Pioneer email"]
[Site "Remote email"]
[Date "2014.04.02"]
[Round "?"]
[White "Hahner, Anton"]
[Black "Bartels, Klaus"]
[Result "1-0"]
[WhiteElo "2123"]
[BlackElo "2078"]
[PlyCount "55"]
[EventDate "2014.??.??"]
[EventType "tourn (corr)"]
[EventRounds "6"]
[EventCountry "GER"]
[SourceTitle "Corr 2015"]
[Source "ChessBase"]
[SourceDate "2015.07.17"]
[SourceVersion "1"]
[SourceVersionDate "2015.07.17"]
[SourceQuality "1"]

1. d4 d5 2. Nf3 Nf6 3. c4 c6 4. cxd5 cxd5 5. Nc3 e6 6. Bg5 Be7 7. e3 0-0 8. Bd3 Nc6 9. Rc1 h6 10. Bh4 b6 11. 0-0 Bb7 12. a3 Rc8 13. Bg3 Na5 14. Ne5 Ne4 15. Nxe4 dxe4 16. Be2 Bd5 17. Qa4 b5 18. Rxc8 bxa4 19. Rxd8 Rxd8 20. Rc1 Bd6 21. h4 Bb8 22. Bb5 Bb3 23. Bh2 Bd6 24. h5 Nb7 25. g4 f6 26. Nc6 Ra8 27. Ba6 Nd8 28. Bxd6 1-0

[Event "Remote S7E Starter-54 email"]
[Site "Remote email"]
[Date "2014.03.05"]
[Round "?"]
[White "Hahner, Anton"]
[Black "Bartels, Klaus"]
[Result "1-0"]
[WhiteElo "2110"]
[BlackElo "2119"]
[PlyCount "33"]
[EventDate "2014.??.??"]
[EventType "tourn (corr)"]
[EventRounds "6"]
[EventCountry "GER"]
[SourceTitle "Corr 2015"]
[Source "ChessBase"]
[SourceDate "2015.07.17"]
[SourceVersion "1"]
[SourceVersionDate "2015.07.17"]
[SourceQuality "1"]

1. d4 d5 2. Nf3 Nf6 3. c4 c6 4. e3 e6 5. Nc3 Be7 6. Bd3 0-0 7. 0-0 dxc4 8. Bxc4 b5 9. Bd3 Bb7 10. e4 Nbd7 11. e5 Nd5 12. Nxd5 exd5 13. Qc2 g6 14. Bh6 Re8 15. e6 Nf6 16. exf7+ Kxf7 17. Bxg6+ 1-0

[Event "Remote S7E Starter email"]
[Site "Remote email"]
[Date "2013.08.10"]
[Round "?"]
[White "Bartels, Klaus"]
[Black "Mantau, Jan"]
[Result "1/2-1/2"]
[WhiteElo "2136"]
[BlackElo "2048"]
[PlyCount "67"]
[EventDate "2013.??.??"]
[EventType "tourn (corr)"]
[EventRounds "6"]
[EventCountry "GER"]
[SourceTitle "Corr 2015"]
[Source "ChessBase"]
[SourceDate "2015.07.17"]
[SourceVersion "1"]
[SourceVersionDate "2015.07.17"]
[SourceQuality "1"]

1. d4 Nf6 2. c4 g6 3. Nc3 Bg7 4. e4 0-0 5. Be2 d6 6. Nf3 e5 7. d5 a5 8. 0-0 Na6 9. Be3 Nh5 10. Ng5 Nf4 11. Nf3 Nxe2+ 12. Qxe2 h6 13. Qd2 Kh7 14. Ne1 f5 15. f3 f4 16. Bf2 g5 17. Nd3 g4 18. fxg4 Bxg4 19. h3 Bh5 20. a3 Bf6 21. Kh2 Bh4 22. Bxh4 Qxh4 23. Qe1 Qg5 24. Rg1 Rg8 25. g4 fxg3+ 26. Rxg3 Qe7 27. Ne2 Bxe2 28. Qxe2 Rxg3 29. Kxg3 Rg8+ 30. Kh2 Qh4 31. Qf3 a4 32. Rf1 b6 33. Qf5+ Kh8 34. Qf6+ 1/2-1/2

[Event "Remote S7E Starter email"]
[Site "Remote email"]
[Date "2013.06.24"]
[Round "?"]
[White "Hahner, Anton"]
[Black "Bartels, Klaus"]
[Result "1-0"]
[WhiteElo "2164"]
[BlackElo "2136"]
[PlyCount "53"]
[EventDate "2013.??.??"]
[EventType "tourn (corr)"]
[EventRounds "6"]
[EventCountry "GER"]
[SourceTitle "Corr 2015"]
[Source "ChessBase"]
[SourceDate "2015.07.17"]
[SourceVersion "1"]
[SourceVersionDate "2015.07.17"]
[SourceQuality "1"]

1. d4 Nf6 2. Nf3 g6 3. c4 Bg7 4. Nc3 d6 5. Qc2 0-0 6. g3 Nbd7 7. Bg2 Nb6 8. b3 d5 9. cxd5 Nbxd5 10. Nxd5 Nxd5 11. 0-0 a5 12. Bb2 Qd6 13. e4 Nb4 14. Qd2 Bg4 15. Bc3 Rad8 16. d5 c6 17. Bxg7 Kxg7 18. a3 Na6 19. Qb2+ f6 20. Nd2 cxd5 21. exd5 Rc8 22. Nc4 Qd8 23. d6 Nc5 24. b4 b5 25. dxe7 Qxe7 26. Nb6 Na4 27. Nxc8 1-0

[Event "Remote S7E Starter-45 email"]
[Site "Remote email"]
[Date "2013.05.16"]
[Round "?"]
[White "Hahner, Anton"]
[Black "Bartels, Klaus"]
[Result "0-1"]
[WhiteElo "2134"]
[BlackElo "2169"]
[PlyCount "92"]
[EventDate "2013.??.??"]
[EventType "tourn (corr)"]
[EventRounds "6"]
[EventCountry "GER"]
[SourceTitle "Corr 2015"]
[Source "ChessBase"]
[SourceDate "2015.07.17"]
[SourceVersion "1"]
[SourceVersionDate "2015.07.17"]
[SourceQuality "1"]

1. d4 d5 2. Nf3 c6 3. Bf4 Nf6 4. h3 e6 5. e3 Be7 6. Bd3 0-0 7. 0-0 Nbd7 8. Nbd2 c5 9. c3 c4 10. Bc2 b5 11. e4 dxe4 12. Nxe4 Nd5 13. Bh2 Bb7 14. Qe2 Qb6 15. Rad1 b4 16. Ned2 Qc6 17. Nxc4 Ba6 18. Bd3 bxc3 19. b3 Rac8 20. Nfe5 Nxe5 21. Bxe5 g6 22. Rfe1 Qd7 23. a3 Rfd8 24. Qc2 Bb5 25. Bf1 Bg5 26. Be2 Be7 27. Bd3 a5 28. a4 Ba6 29. Qc1 f6 30. Bg3 Bb4 31. Qc2 Qf7 32. Be2 Kg7 33. Bh2 Qa7 34. g4 Qe7 35. Bf1 Qf7 36. Rc1 Rc6 37. g5 Kg8 38. gxf6 Qxf6 39. Be5 Qg5+ 40. Bg3 Bb7 41. Qe4 Qe7 42. Bg2 Ra6 43. Bh4 g5 44. Bg3 Ba8 45. Ne3 Nf4 46. Qd3 Nxd3 0-1

[Event "Remote Pyramide email"]
[Site "Remote email"]
[Date "2013.04.13"]
[Round "?"]
[White "Semmler, Josef"]
[Black "Bartels, Klaus"]
[Result "1-0"]
[WhiteElo "2048"]
[BlackElo "2153"]
[PlyCount "49"]
[EventDate "2013.??.??"]
[EventType "tourn (corr)"]
[EventRounds "6"]
[EventCountry "GER"]
[SourceTitle "Corr 2015"]
[Source "ChessBase"]
[SourceDate "2015.07.17"]
[SourceVersion "1"]
[SourceVersionDate "2015.07.17"]
[SourceQuality "1"]

1. e4 c5 2. Nf3 d6 3. d4 cxd4 4. Nxd4 Nf6 5. Nc3 a6 6. Be3 Nbd7 7. f3 e6 8. g4 h6 9. Rg1 Qb6 10. a3 Ne5 11. Bf2 d5 12. exd5 Bc5 13. Be2 exd5 14. Qd2 0-0 15. Na4 Qc7 16. Nxc5 Qxc5 17. g5 hxg5 18. Qxg5 Ng6 19. 0-0-0 Qe7 20. Bd3 Qe5 21. Ne2 Qxg5+ 22. Rxg5 Be6 23. Rdg1 Nh7 24. R5g2 b5 25. Bxg6 1-0

[Event "Remote S7E Starter-44 email"]
[Site "Remote email"]
[Date "2013.03.28"]
[Round "?"]
[White "Grimm, Wolfgang"]
[Black "Bartels, Klaus"]
[Result "1/2-1/2"]
[WhiteElo "2029"]
[BlackElo "2188"]
[PlyCount "77"]
[EventDate "2013.??.??"]
[EventType "tourn (corr)"]
[EventRounds "6"]
[EventCountry "GER"]
[SourceTitle "Corr 2015"]
[Source "ChessBase"]
[SourceDate "2015.07.17"]
[SourceVersion "1"]
[SourceVersionDate "2015.07.17"]
[SourceQuality "1"]

1. Nc3 Nf6 2. e4 d6 3. d4 e6 4. Nf3 Be7 5. Bb5+ Bd7 6. Bxd7+ Nbxd7 7. 0-0 0-0 8. Qd3 c6 9. h3 h6 10. a4 a5 11. Bf4 Nb8 12. d5 e5 13. Be3 Na6 14. dxc6 bxc6 15. Rad1 Nb4 16. Qe2 Qc7 17. Nh4 d5 18. exd5 cxd5 19. Nf5 Rfe8 20. Nb5 Qd7 21. Nxe7+ Qxe7 22. c3 Nc6 23. Qf3 Rac8 24. Bb6 Qd7 25. Rfe1 Rb8 26. Bc5 Re6 27. Be3 Ne7 28. Rd2 Qc6 29. Qe2 Nf5 30. Qd3 Nd6 31. Nxd6 Qxd6 32. Rde2 Qc6 33. Ra1 Rb3 34. Qd2 Qc4 35. Qd1 Re8 36. Qe1 Reb8 37. Bc1 e4 38. Rd2 Qc6 39. Rd4 1/2-1/2

[Event "Remote Pyramide email"]
[Site "Remote email"]
[Date "2013.03.16"]
[Round "?"]
[White "Quinones Borda, Jorge Victor"]
[Black "Bartels, Klaus"]
[Result "1-0"]
[WhiteElo "2249"]
[BlackElo "2153"]
[PlyCount "55"]
[EventDate "2013.??.??"]
[EventType "tourn (corr)"]
[EventRounds "6"]
[EventCountry "GER"]
[SourceTitle "Corr 2015"]
[Source "ChessBase"]
[SourceDate "2015.07.17"]
[SourceVersion "1"]
[SourceVersionDate "2015.07.17"]
[SourceQuality "1"]

1. d4 Nf6 2. Nf3 g6 3. Bf4 d6 4. e3 Bg7 5. h3 0-0 6. Bh2 Nbd7 7. Be2 Ne4 8. 0-0 Ndf6 9. c4 b6 10. Ne1 Bb7 11. f3 Ng5 12. Nc3 Ne6 13. Qd2 d5 14. Rd1 Rc8 15. e4 dxe4 16. d5 Nc5 17. b4 Ncd7 18. fxe4 Ne8 19. Nf3 a5 20. a3 axb4 21. axb4 Ra8 22. e5 Ra3 23. Bd3 Qa8 24. Qe1 Ba6 25. Ng5 Qc8 26. d6 e6 27. Qh4 h6 28. Nxf7 1-0

[Event "Remote S7E Starter-42 email"]
[Site "Remote email"]
[Date "2013.01.31"]
[Round "?"]
[White "Bartels, Klaus"]
[Black "Hahner, Anton"]
[Result "1/2-1/2"]
[WhiteElo "2167"]
[BlackElo "2182"]
[PlyCount "43"]
[EventDate "2013.??.??"]
[EventType "tourn (corr)"]
[EventRounds "6"]
[EventCountry "GER"]
[SourceTitle "Corr 2015"]
[Source "ChessBase"]
[SourceDate "2015.07.17"]
[SourceVersion "1"]
[SourceVersionDate "2015.07.17"]
[SourceQuality "1"]

1. d4 Nf6 2. Nf3 d5 3. c4 c6 4. Nc3 e6 5. Bg5 Be7 6. e3 h6 7. Bh4 0-0 8. Bd3 c5 9. cxd5 cxd4 10. Nxd4 Nxd5 11. Bxe7 Qxe7 12. Nxd5 exd5 13. 0-0 Nc6 14. Qa4 Bd7 15. Rac1 Rfc8 16. h3 Rab8 17. Nxc6 bxc6 18. Rc2 a5 19. a3 Qg5 20. h4 Qg4 21. Qxg4 Bxg4 22. Rfc1 1/2-1/2

[Event "Remote S7E Pioneer-52 email"]
[Site "Remote email"]
[Date "2013.01.07"]
[Round "?"]
[White "Bartels, Klaus"]
[Black "Broemme, Steffen"]
[Result "1/2-1/2"]
[WhiteElo "2167"]
[BlackElo "2180"]
[PlyCount "36"]
[EventDate "2013.??.??"]
[EventType "tourn (corr)"]
[EventRounds "6"]
[EventCountry "GER"]
[SourceTitle "Corr 2015"]
[Source "ChessBase"]
[SourceDate "2015.07.17"]
[SourceVersion "1"]
[SourceVersionDate "2015.07.17"]
[SourceQuality "1"]

1. d4 Nf6 2. c4 e6 3. Nf3 b6 4. Nc3 Bb4 5. g3 Bxc3+ 6. bxc3 0-0 7. Bg5 Bb7 8. Bg2 d6 9. 0-0 Nbd7 10. Nh4 Bxg2 11. Nxg2 h6 12. Bxf6 Nxf6 13. Qd3 Qd7 14. e4 Qa4 15. Ne3 c5 16. Rfd1 Rad8 17. f3 h5 18. h4 Rfe8 1/2-1/2

[Event "Remote S7E Starter-39 email"]
[Site "Remote email"]
[Date "2012.10.21"]
[Round "?"]
[White "Bartels, Klaus"]
[Black "Zens, Rolf"]
[Result "1-0"]
[WhiteElo "1800"]
[BlackElo "2056"]
[PlyCount "45"]
[EventDate "2012.??.??"]
[EventType "tourn (corr)"]
[EventRounds "6"]
[EventCountry "GER"]
[SourceTitle "Corr 2015"]
[Source "ChessBase"]
[SourceDate "2015.07.17"]
[SourceVersion "1"]
[SourceVersionDate "2015.07.17"]
[SourceQuality "1"]

1. d4 Nf6 2. c4 e6 3. Nc3 Bb4 4. e3 0-0 5. Bd3 d5 6. Nf3 c5 7. 0-0 dxc4 8. Bxc4 b6 9. dxc5 Bxc5 10. a3 Bb7 11. Be2 Nbd7 12. b4 Be7 13. Bb2 Qb8 14. Nd4 Rd8 15. Qb3 a5 16. f4 axb4 17. axb4 Nd5 18. Nxd5 Bxd5 19. Bc4 Nf6 20. Bxd5 Rxa1 21. Rxa1 Rxd5 22. Nc6 Qd6 23. b5 1-0